| 000 | 00377nam a2200133Ia 4500 | ||
|---|---|---|---|
| 008 | 210430s9999 xx 000 0 und d | ||
| 020 | _a978-81-8489-609-1 | ||
| 082 | _a620.5 N175 N | ||
| 100 |
_aVincent Rotello _954265 |
||
| 245 |
_aNanoparticles Building Blocks for Nanotechnology _cVincent Rotello |
||
| 260 |
_aIndia _bSpringer _c2010 |
||
| 300 | _a284p | ||
| 942 |
_cBK _2ddc |
||
| 999 |
_c564757 _d564757 |
||